| 000 | 00450nam a2200181Ia 4500 | ||
|---|---|---|---|
| 005 | 20250123044217.0 | ||
| 008 | 240331s9999 xx 000 0 und d | ||
| 082 |
_bCEN _a920 |
||
| 100 | _aCentre for society and religion | ||
| 245 | 0 | _aTissa Balasuriya | |
| 260 |
_aColombo _bCentre for Society & Religion _c1994 |
||
| 300 | _a95 p ., | ||
| 650 | _aSocial Issues | ||
| 650 | _aSocieties | ||
| 650 | _aReligions | ||
| 650 | _aGenders | ||
| 942 | _cL | ||
| 999 |
_c3451 _d3451 |
||